[Event "2016 Alberta Open"]
[Site "Calgary"]
[Date "2016.10.09"]
[Round "3.8"]
[White "Rogers, Dustin"]
[Black "Razzaq, Ali"]
[Result "1-0"]
[WhiteElo "1795"]
[BlackElo "1943"]
[PlyCount "83"]
[EventDate "2016.10.08"]
[EventType "swiss"]
[EventRounds "6"]
[EventCountry "CAN"]

1. e4 c6 2. d4 d5 3. Nc3 dxe4 4. Nxe4 Bf5 5. Ng3 Bg6 6. h4 h6 7. h5 Bh7 8. Nf3
Nd7 9. Bd3 Bxd3 10. Qxd3 e6 11. Bf4 Qa5+ 12. Bd2 Qc7 13. O-O-O Ngf6 14. Ne4
Nxe4 15. Qxe4 Nf6 16. Qe2 Rd8 17. Rh4 Be7 18. Re1 c5 19. dxc5 Qxc5 20. Bb4 Qb6
21. Bxe7 Kxe7 22. Ne5 Rd5 23. a3 Rhd8 24. Rb4 Qc7 25. Qe3 b5 26. Rb3 Rc5 27.
Qe2 Rc8 28. Kb1 a6 29. c3 Rd8 30. f4 Rcd5 31. g4 Qd6 32. c4 Rd4 33. cxb5 axb5
34. Qxb5 Rxf4 35. Nc6+ Kf8 36. Nxd8 Qxd8 37. Qe5 Qd4 38. Rb8+ Ke7 39. Qc7+ Nd7
40. Qd8+ Kd6 41. Rb7 Qa4 42. Rxd7+ 1-0

[Event "2016 Alberta Open"]
[Site "Calgary"]
[Date "2016.10.09"]
[Round "4.1"]
[White "Valencia, Belsar"]
[Black "Malek, Omid"]
[Result "1-0"]
[WhiteElo "2350"]
[BlackElo "2131"]
[PlyCount "101"]
[EventDate "2016.10.08"]
[EventType "swiss"]
[EventRounds "6"]
[EventCountry "CAN"]

1. c4 c5 2. Nc3 Nc6 3. g3 g6 4. Bg2 Bg7 5. Nf3 e6 6. O-O Nge7 7. d4 cxd4 8. Nb5
d5 9. cxd5 Nxd5 10. Nfxd4 Nxd4 11. Nxd4 O-O 12. e4 Nb6 13. Nb3 Qxd1 14. Rxd1
Bd7 15. Be3 Bc6 16. Rab1 Ba4 17. Rdc1 Bxb3 18. axb3 Rac8 19. f4 Rxc1+ 20. Rxc1
Rd8 21. e5 Bf8 22. Kf2 Bb4 23. Ke2 Rd7 24. Rd1 Rc7 25. Rd8+ Kg7 26. Be4 Nd7 27.
h4 Be7 28. Re8 Nb6 29. Rb8 Nd5 30. Bxa7 h5 31. Bd4 Rd7 32. Bf2 Bb4 33. Bxd5
Rxd5 34. Rxb7 Bd2 35. Be3 Bxe3 36. Kxe3 Rd1 37. Rc7 Rg1 38. Kf2 Rd1 39. Ke2 Rg1
40. Rc3 Rg2+ 41. Kd1 Rxb2 42. Kc1 Ra2 43. Rd3 Kf8 44. Kb1 Ra7 45. Kb2 Ke7 46.
Kc3 f6 47. exf6+ Kxf6 48. b4 Kf5 49. Re3 Ra3+ 50. Kd4 Ra8 51. b5 1-0

[Event "2016 Alberta Open"]
[Site "Calgary"]
[Date "2016.10.09"]
[Round "4.2"]
[White "Gardner, Robert"]
[Black "Kazmaier, Daniel"]
[Result "0-1"]
[WhiteElo "2264"]
[BlackElo "2286"]
[PlyCount "88"]
[EventDate "2016.10.08"]
[EventType "swiss"]
[EventRounds "6"]
[EventCountry "CAN"]

1. d4 f5 2. Bg5 h6 3. Bh4 g5 4. e4 Bg7 5. Bg3 fxe4 6. h4 Nf6 7. hxg5 hxg5 8.
Rxh8+ Bxh8 9. Qd2 g4 10. Nc3 d5 11. O-O-O Bf5 12. f3 Nc6 13. Nb5 Rc8 14. Qf4 e6
15. Qh6 Kd7 16. Be2 Qf8 17. Qh2 a6 18. Nc3 gxf3 19. gxf3 b5 20. fxe4 Nxe4 21.
Nxe4 Bxe4 22. Rf1 Qg7 23. c3 Nxd4 24. cxd4 Qxd4 25. Rf7+ Kc6 26. Bf3 Bg6 27.
Rxc7+ Rxc7 28. Bxc7 Bf6 29. Bf4 e5 30. Bh6 Qc4+ 31. Kd1 Qxa2 32. Qd2 Qb3+ 33.
Ke1 e4 34. Be2 Bxb2 35. Qg5 Qc3+ 36. Kd1 Qd4+ 37. Kc2 Qf6 38. Qg4 Bf5 39. Qf4
Qc3+ 40. Kd1 e3 41. Bxb5+ axb5 42. Qxe3 Bg4+ 43. Ne2 Qxe3 44. Bxe3 d4 0-1

[Event "2016 Alberta Open"]
[Site "Calgary"]
[Date "2016.10.09"]
[Round "4.3"]
[White "Booker, Brad"]
[Black "Kostadinov, Georgi"]
[Result "0-1"]
[WhiteElo "2221"]
[BlackElo "2033"]
[PlyCount "112"]
[EventDate "2016.10.08"]
[EventType "swiss"]
[EventRounds "6"]
[EventCountry "CAN"]

1. e4 c5 2. Nf3 d6 3. Bb5+ Bd7 4. Qe2 e6 5. c3 Qa5 6. Bxd7+ Nxd7 7. O-O Ngf6 8.
d3 Be7 9. Nbd2 O-O 10. Nc4 Qa6 11. Bg5 h6 12. Bh4 Rfe8 13. Rfe1 b5 14. Ncd2 Qb7
15. d4 e5 16. d5 c4 17. h3 Nc5 18. g4 Nd3 19. Reb1 Nf4 20. Qf1 g5 21. Bg3 Ng6
22. Ne1 h5 23. f3 Qd7 24. Qf2 Kg7 25. Ng2 Bd8 26. Ne3 Bb6 27. Kg2 Bxe3 28. Qxe3
Nf4+ 29. Bxf4 exf4 30. Qd4 Kg6 31. Rh1 Rh8 32. Kf2 Rh6 33. b3 Rah8 34. Rhg1
hxg4 35. hxg4 Rh2+ 36. Ke1 Rc8 37. bxc4 bxc4 38. Nf1 Rh3 39. Kf2 Qa4 40. Rd1
Rb8 41. Rd2 Nd7 42. Kg2 Rh6 43. Rh1 Rxh1 44. Kxh1 Ne5 45. Kg2 Rb1 46. Rf2 Rd1
47. Rd2 Ra1 48. Qf2 Rc1 49. Qg1 Rc2 50. Qf2 Rxc3 51. Nh2 Qa3 52. Re2 Rd3 53.
Rc2 c3 54. Qe2 Qa4 55. Kf1 Qd4 56. Ke1 Re3 0-1

[Event "2016 Alberta Open"]
[Site "Calgary"]
[Date "2016.10.09"]
[Round "4.4"]
[White "Nechio, Douglas"]
[Black "Yam, Alex"]
[Result "0-1"]
[WhiteElo "1942"]
[BlackElo "2378"]
[PlyCount "48"]
[EventDate "2016.10.08"]
[EventType "swiss"]
[EventRounds "6"]
[EventCountry "CAN"]

1. e4 c5 2. Nf3 e6 3. d3 Nc6 4. g3 g6 5. Bg2 Bg7 6. O-O Nge7 7. Re1 O-O 8. e5
Rb8 9. Bf4 Nd5 10. Bg5 Qc7 11. c4 Nde7 12. Nc3 h6 13. Nb5 Qb6 14. Bc1 a6 15.
Nc3 Qc7 16. Qe2 g5 17. Bxg5 hxg5 18. Nxg5 Bh6 19. h4 Qxe5 20. Qh5 Qg7 21. Nge4
b6 22. Nd6 Nd4 23. Rac1 Bxc1 24. Rxc1 Nef5 0-1

[Event "2016 Alberta Open"]
[Site "Calgary"]
[Date "2016.10.09"]
[Round "4.6"]
[White "Dave, Bhavik"]
[Black "Findlay, Ian"]
[Result "0-1"]
[WhiteElo "1840"]
[BlackElo "2254"]
[PlyCount "110"]
[EventDate "2016.10.08"]
[EventType "swiss"]
[EventRounds "6"]
[EventCountry "CAN"]

1. d4 Nf6 2. c4 e6 3. Nf3 c5 4. d5 exd5 5. cxd5 d6 6. Nc3 g6 7. Bf4 a6 8. a4
Bg7 9. e3 O-O 10. h3 Qe7 11. Nd2 Nbd7 12. Nc4 Ne8 13. Be2 Ne5 14. Nb6 Rb8 15.
Nxc8 Rxc8 16. O-O f5 17. a5 Nf6 18. Qc2 Kh8 19. Rfd1 Rce8 20. Rd2 h6 21. Bh2
Nfd7 22. Qb3 Rb8 23. Qc2 g5 24. Ra4 Rbc8 25. Bh5 c4 26. Be2 f4 27. exf4 gxf4
28. Ne4 Nc5 29. Nxc5 Rxc5 30. Qe4 f3 31. Bxe5 Bxe5 32. Bxf3 c3 33. bxc3 Rf4 34.
Qc2 Rxc3 35. Qd1 Qc7 36. Ra1 Rfc4 37. Qe2 Rxf3 38. Qxf3 Bxa1 39. Qf8+ Kh7 40.
Re2 Be5 41. g3 Qd7 42. Kg2 Rc7 43. Qf3 Qf7 44. Qb3 Rc3 45. Qb1+ Kg7 46. Qe4 Qg6
47. Qb4 Qf7 48. Qe4 Rc5 49. f4 Bf6 50. Kh2 Qxd5 51. Qe8 Qf7 52. Qa4 Qc7 53. g4
Rc4 54. Qe8 d5 55. Kg2 Rxf4 0-1

[Event "2016 Alberta Open"]
[Site "Calgary"]
[Date "2016.10.09"]
[Round "4.7"]
[White "Nguyen, Kim"]
[Black "Ali, Husain"]
[Result "1-0"]
[WhiteElo "2109"]
[BlackElo "1671"]
[PlyCount "135"]
[EventDate "2016.10.08"]
[EventType "swiss"]
[EventRounds "6"]
[EventCountry "CAN"]

1. e4 e5 2. Nf3 Nc6 3. Bb5 a6 4. Ba4 Nf6 5. O-O Be7 6. Re1 b5 7. Bb3 O-O 8. h3
d6 9. c3 Na5 10. Bc2 c5 11. d4 Qc7 12. Nbd2 cxd4 13. cxd4 Rd8 14. d5 Bf8 15.
Nf1 g6 16. b3 Bg7 17. Bd2 Nb7 18. Rc1 Qe7 19. b4 Bd7 20. Be3 Rdc8 21. Bd3 Nh5
22. Qd2 f5 23. Qe2 f4 24. Bb6 Nf6 25. a4 Qe8 26. Rxc8 Rxc8 27. axb5 Bxb5 28.
Ng5 Bxd3 29. Qxd3 Qb5 30. Qxb5 axb5 31. f3 Nd7 32. Bf2 Rc4 33. Rb1 h6 34. Ne6
Bf6 35. Nd2 Rc8 36. Ra1 Nd8 37. Ra7 Nf8 38. Rc7 Ra8 39. Nxd8 Bxd8 40. Rb7 Ra1+
41. Nf1 Rb1 42. Rxb5 Kf7 43. Rb7+ Ke8 44. g3 Nd7 45. Kg2 Rb2 46. Kg1 Nc5 47.
Rb8 Kd7 48. gxf4 exf4 49. Bd4 Rb1 50. Rxd8+ Kxd8 51. bxc5 dxc5 52. Bxc5 Rc1 53.
Bf8 h5 54. Bh6 Rc3 55. Kf2 Rc2+ 56. Ke1 Rc7 57. Bxf4 Rf7 58. Bg5+ Kd7 59. Ke2
Rf8 60. Nd2 Ra8 61. Kd3 Ra3+ 62. Kd4 Ra2 63. Ke5 Ra6 64. h4 Ra4 65. Nb3 Rc4 66.
Nd4 Ra4 67. Ne6 Ra3 68. f4 1-0

[Event "2016 Alberta Open"]
[Site "Calgary"]
[Date "2016.10.10"]
[Round "5.1"]
[White "Kazmaier, Daniel"]
[Black "Valencia, Belsar"]
[Result "1-0"]
[WhiteElo "2286"]
[BlackElo "2350"]
[PlyCount "99"]
[EventDate "2016.10.08"]
[EventType "swiss"]
[EventRounds "6"]
[EventCountry "CAN"]

1. d4 Nf6 2. Nf3 g6 3. Bf4 Bg7 4. c4 d6 5. Qd2 O-O 6. Nc3 c5 7. d5 Re8 8. e3
Na6 9. Be2 Bd7 10. O-O Nc7 11. e4 Bg4 12. h3 Bxf3 13. Bxf3 Nd7 14. Rae1 a6 15.
a4 Ne5 16. Be2 e6 17. Bg5 f6 18. Be3 exd5 19. exd5 f5 20. f4 Nd7 21. Kh2 Nf6
22. Bf3 Qd7 23. a5 Rab8 24. Bd1 Ne4 25. Nxe4 Rxe4 26. b3 Rbe8 27. Bf3 R4e7 28.
Bf2 Rxe1 29. Rxe1 Rxe1 30. Qxe1 Qe8 31. Qd2 Qd7 32. g3 Ne8 33. b4 cxb4 34. Qxb4
Bf8 35. Qb6 Be7 36. g4 Nf6 37. Kg3 h5 38. g5 Ne4+ 39. Bxe4 fxe4 40. c5 Bd8 41.
Qxd6 Qe8 42. Bd4 e3 43. Qe5 Qxe5 44. Bxe5 Bxa5 45. Kf3 Kf7 46. Kxe3 Ke8 47. f5
Bb4 48. c6 bxc6 49. dxc6 gxf5 50. g6 1-0

[Event "2016 Alberta Open"]
[Site "Calgary"]
[Date "2016.10.10"]
[Round "5.2"]
[White "Kostadinov, Georgi"]
[Black "Haessel, Dale"]
[Result "0-1"]
[WhiteElo "2033"]
[BlackElo "2326"]
[PlyCount "74"]
[EventDate "2016.10.08"]
[EventType "swiss"]
[EventRounds "6"]
[EventCountry "CAN"]

1. d4 Nf6 2. Bg5 d5 3. Nd2 c5 4. dxc5 Qa5 5. c3 Qxc5 6. Ngf3 Nc6 7. Bxf6 gxf6
8. e4 Be6 9. Qa4 Bh6 10. Nb3 Qb6 11. Nfd4 O-O-O 12. Nxc6 Qxc6 13. Qxa7 dxe4 14.
Nd4 Qd5 15. Be2 Rhg8 16. g3 Bh3 17. Rd1 Qe5 18. a4 Rd5 19. b4 Rgd8 20. a5 Qb8
21. Qxb8+ Kxb8 22. f4 e5 23. fxe5 fxe5 24. Nb3 Rxd1+ 25. Bxd1 Be3 26. Be2 Bg2
27. Rf1 Bxf1 28. Bxf1 Rc8 29. c4 f5 30. c5 Bg1 31. h3 f4 32. gxf4 exf4 33. a6
f3 34. axb7 Kxb7 35. Bc4 Rd8 36. b5 e3 37. Na5+ Ka8 0-1

[Event "2016 Alberta Open"]
[Site "Calgary"]
[Date "2016.10.10"]
[Round "5.3"]
[White "Yam, Alex"]
[Black "Findlay, Ian"]
[Result "0-1"]
[WhiteElo "2378"]
[BlackElo "2254"]
[PlyCount "124"]
[EventDate "2016.10.08"]
[EventType "swiss"]
[EventRounds "6"]
[EventCountry "CAN"]

1. Nf3 Nf6 2. d4 e6 3. Bf4 d5 4. Nbd2 Bd6 5. Bg3 c5 6. c3 Nc6 7. e3 O-O 8. Bd3
b6 9. O-O Bb7 10. Re1 Ne7 11. Ne5 Ne4 12. Bxe4 dxe4 13. Ndc4 Bc7 14. dxc5 Bd5
15. Nd6 bxc5 16. Nb5 Bb8 17. Qa4 Nf5 18. Nc4 Nxg3 19. hxg3 h5 20. Na5 a6 21.
Na3 h4 22. g4 Qc7 23. c4 Bb7 24. Nxb7 Qxb7 25. Qc2 f5 26. Nb1 Qc7 27. Nd2 Qh2+
28. Kf1 h3 29. gxh3 Qxh3+ 30. Ke2 Qxg4+ 31. Kf1 Rf6 32. Qd1 Qh3+ 33. Ke2 Be5
34. Rh1 Qg4+ 35. Kf1 Qg6 36. Qc2 Rd8 37. Re1 Qe8 38. Re2 Qc6 39. Nb3 Rf7 40.
Kg2 Rfd7 41. Rd2 Rxd2 42. Nxd2 Qb6 43. Rb1 Qb4 44. Nf1 Rd3 45. b3 Qc3 46. Qe2
g6 47. Rd1 Qb2 48. Qxb2 Bxb2 49. Rxd3 exd3 50. f4 e5 51. fxe5 Bxe5 52. Kf3 g5
53. e4 g4+ 54. Ke3 g3 55. Nd2 Bc3 56. Nf3 d2 57. Ke2 fxe4 58. Nh4 Kf7 59. Ng2
Kf6 60. Ne3 Kg5 61. Nd1 Bd4 62. Kf1 Kf4 0-1

[Event "2016 Alberta Open"]
[Site "Calgary"]
[Date "2016.10.10"]
[Round "5.4"]
[White "Malek, Omid"]
[Black "Gardner, Robert"]
[Result "1-0"]
[WhiteElo "2131"]
[BlackElo "2264"]
[PlyCount "87"]
[EventDate "2016.10.08"]
[EventType "swiss"]
[EventRounds "6"]
[EventCountry "CAN"]

1. d4 Nf6 2. Bg5 c5 3. d5 Qb6 4. Nc3 Qxb2 5. Bd2 Qb6 6. e4 e5 7. f4 d6 8. Rb1
Qd8 9. fxe5 dxe5 10. Nf3 Bd6 11. Bb5+ Nbd7 12. a4 O-O 13. O-O a6 14. Bd3 Re8
15. Qe2 Nf8 16. Nd1 Ng6 17. Ne3 Nf4 18. Qe1 N6h5 19. Nc4 Nxd3 20. cxd3 Nf4 21.
Qd1 f6 22. Be3 Rb8 23. a5 Bg4 24. Qc2 Bf8 25. Rb6 Qc7 26. Qd2 g5 27. d6 Qf7 28.
Bxf4 gxf4 29. Qf2 Rec8 30. Rfb1 Be6 31. Nfd2 Qd7 32. Qh4 Bg7 33. R6b2 f5 34.
Nb6 Qxd6 35. Nxc8 Bxc8 36. Rb3 Bf6 37. Qf2 Be6 38. Rb6 Qd7 39. exf5 Bxf5 40.
Rxf6 Bxd3 41. Re1 Qd5 42. Nf3 e4 43. Nh4 f3 44. Qg3+ 1-0

[Event "2016 Alberta Open"]
[Site "Calgary"]
[Date "2016.10.10"]
[Round "5.6"]
[White "Booker, Brad"]
[Black "Daniluk, Jim"]
[Result "0-1"]
[WhiteElo "2221"]
[BlackElo "1986"]
[PlyCount "126"]
[EventDate "2016.10.08"]
[EventType "swiss"]
[EventRounds "6"]
[EventCountry "CAN"]

1. e4 c5 2. Nf3 Nc6 3. Bb5 Na5 4. c3 a6 5. Bd3 d5 6. e5 g6 7. Bc2 Bg4 8. d4 Qc7
9. Nbd2 Rc8 10. Bd3 Nc6 11. h3 Bd7 12. a3 Qb6 13. dxc5 Qc7 14. O-O Bg7 15. Nb3
Nxe5 16. Bf4 Ba4 17. Bc2 e6 18. Kh1 Ne7 19. Re1 Nd3 20. Qxd3 Qxf4 21. Nfd4 O-O
22. Kg1 Qc7 23. Rad1 e5 24. Ne2 Bxb3 25. Bxb3 Qxc5 26. Bxd5 Rfd8 27. c4 b5 28.
b4 Qa7 29. Qf3 Nxd5 30. cxd5 Rd6 31. Ng3 f5 32. Nf1 e4 33. Qg3 Qd7 34. Ne3 Rc3
35. Rc1 Rd3 36. Rc8+ Qxc8 37. Qxd6 Qc3 38. Qe6+ Kf8 39. Re2 Qa1+ 40. Kh2 Qe5+
41. Qxe5 Bxe5+ 42. g3 Rxa3 43. Rc2 Bd6 44. Rc8+ Kf7 45. Rc6 Bxb4 46. Nc2 Rb3
47. Nxb4 Rxb4 48. Rxa6 Rd4 49. d6 Ke6 50. Rb6 Rb4 51. Kg2 Rb1 52. h4 b4 53. Kh2
b3 54. Kg2 b2 55. Kh2 h6 56. Kg2 g5 57. hxg5 hxg5 58. Kh2 f4 59. gxf4 gxf4 60.
Kg2 f3+ 61. Kh2 e3 62. d7+ Kxd7 63. fxe3 f2 0-1

[Event "2016 Alberta Open"]
[Site "Calgary"]
[Date "2016.10.10"]
[Round "5.7"]
[White "Wang, Jeff"]
[Black "Nguyen, Kim"]
[Result "0-1"]
[WhiteElo "1886"]
[BlackElo "2109"]
[PlyCount "80"]
[EventDate "2016.10.08"]
[EventType "swiss"]
[EventRounds "6"]
[EventCountry "CAN"]

1. e4 g6 2. d4 Bg7 3. Be3 d6 4. Nc3 Nd7 5. Qd2 a6 6. a4 b6 7. Nge2 Bb7 8. g3
Ngf6 9. Bg2 Ng4 10. O-O Nxe3 11. fxe3 O-O 12. Rf2 e6 13. Raf1 Qe7 14. Nf4 Rab8
15. Qd1 Nf6 16. g4 Nd7 17. h3 Qg5 18. Qd2 b5 19. axb5 axb5 20. b4 Nb6 21. Bf3
Nc4 22. Qd3 c6 23. Ng2 Qe7 24. h4 Ra8 25. Nb1 c5 26. c3 cxb4 27. cxb4 Ra4 28.
Nd2 Ra3 29. Nb3 d5 30. exd5 Qxb4 31. Rb1 Bxd5 32. Bxd5 exd5 33. Nf4 Qd6 34. Qe2
Re8 35. Ng2 Qg3 36. Qf3 Qxf3 37. Rxf3 Rxb3 38. Rxb3 Nd2 39. e4 Nxf3+ 40. Rxf3
Bxd4+ 0-1

[Event "2016 Alberta Open"]
[Site "Calgary"]
[Date "2016.10.10"]
[Round "5.13"]
[White "Timmerman, Brian"]
[Black "Zhao, Ian"]
[Result "0-1"]
[WhiteElo "1717"]
[BlackElo "1698"]
[PlyCount "64"]
[EventDate "2016.10.08"]
[EventType "swiss"]
[EventRounds "6"]
[EventCountry "CAN"]

1. e4 e5 2. Nf3 Nc6 3. Bb5 a6 4. Ba4 Nf6 5. O-O Be7 6. Re1 b5 7. Bb3 O-O 8. h3
d6 9. c3 Nb8 10. d4 Nbd7 11. Nbd2 Bb7 12. Bc2 Re8 13. Nf1 Bf8 14. Ng3 g6 15. a4
c6 16. Be3 Qc7 17. Qd2 c5 18. d5 Rec8 19. Nh2 h5 20. Kh1 c4 21. f4 Nc5 22. f5
h4 23. Bh6 hxg3 24. Bxf8 Kxf8 25. Qh6+ Ke7 26. fxg6 gxh2 27. Rf1 Ncd7 28. gxf7
Rh8 29. Qg7 Raf8 30. Rxf6 Nxf6 31. Rf1 Qd8 32. Qxf6+ Kd7 0-1

[Event "2016 Alberta Open"]
[Site "Calgary"]
[Date "2016.10.10"]
[Round "6.1"]
[White "Haessel, Dale"]
[Black "Kazmaier, Daniel"]
[Result "0-1"]
[WhiteElo "2326"]
[BlackElo "2286"]
[PlyCount "68"]
[EventDate "2016.10.08"]
[EventType "swiss"]
[EventRounds "6"]
[EventCountry "CAN"]

1. d4 d6 2. e4 Nf6 3. Nc3 g6 4. Be2 Bg7 5. Be3 O-O 6. h3 c6 7. Nf3 Qa5 8. O-O
Nbd7 9. Qd2 b5 10. a3 a6 11. e5 Ne8 12. e6 fxe6 13. Ng5 Ndf6 14. d5 e5 15. dxc6
e6 16. b4 Qc7 17. a4 bxa4 18. Rxa4 Qxc6 19. b5 axb5 20. Bxb5 Qb7 21. Rfa1 Rxa4
22. Rxa4 d5 23. Ba6 Qc7 24. Nb5 Qc6 25. Bxc8 Qxc8 26. Bb6 h6 27. Nf3 Ne4 28.
Qe2 Qc6 29. Ba5 N8d6 30. Bb4 Rb8 31. Bxd6 Nxd6 32. Nxd6 Qxa4 33. Nxe5 Rb1+ 34.
Kh2 Qf4+ 0-1

[Event "2016 Alberta Open"]
[Site "Calgary"]
[Date "2016.10.10"]
[Round "6.2"]
[White "Valencia, Belsar"]
[Black "Pechenkin, Vladimir"]
[Result "1/2-1/2"]
[WhiteElo "2350"]
[BlackElo "2339"]
[PlyCount "70"]
[EventDate "2016.10.08"]
[EventType "swiss"]
[EventRounds "6"]
[EventCountry "CAN"]

1. Nf3 e6 2. d4 f5 3. g3 Nf6 4. Bg2 d5 5. O-O Bd6 6. c4 c6 7. Bf4 Bxf4 8. gxf4
O-O 9. Nbd2 Nbd7 10. Rc1 Qe7 11. e3 Ne4 12. Nxe4 fxe4 13. Nd2 Nf6 14. f3 exf3
15. Nxf3 Bd7 16. Ne5 Be8 17. Qe1 Nd7 18. cxd5 exd5 19. Qg3 Nxe5 20. fxe5 Bg6
21. a3 Bd3 22. Rf4 Rxf4 23. exf4 Bf5 24. Rc3 Rf8 25. Re3 Qf7 26. b4 a6 27. Re1
h6 28. Rf1 Qe6 29. Re1 Qf7 30. Qe3 Be6 31. Rf1 Qf5 32. Qd2 Qg6 33. Qc3 Qg4 34.
Qf3 Qf5 35. Qc3 Qg4 1/2-1/2

[Event "2016 Alberta Open"]
[Site "Calgary"]
[Date "2016.10.10"]
[Round "6.3"]
[White "Findlay, Ian"]
[Black "Malek, Omid"]
[Result "1-0"]
[WhiteElo "2254"]
[BlackElo "2131"]
[PlyCount "67"]
[EventDate "2016.10.08"]
[EventType "swiss"]
[EventRounds "6"]
[EventCountry "CAN"]

1. e4 e6 2. d4 d5 3. Nd2 Nc6 4. Ngf3 Nf6 5. e5 Nd7 6. Be2 Be7 7. Nf1 O-O 8. Ne3
f6 9. exf6 Nxf6 10. O-O Bd6 11. c4 b6 12. a3 a5 13. Qc2 Bd7 14. Re1 Be8 15. Bd2
Kh8 16. Bc3 Bf4 17. Bd3 a4 18. g3 Bd6 19. Ng5 Bf7 20. Bxh7 dxc4 21. Be4 Nxe4
22. Nxf7+ Rxf7 23. Qxe4 Na5 24. Qxe6 Rf6 25. Qh3+ Rh6 26. Qg4 Bf8 27. d5 Nb3
28. Rad1 b5 29. Nf5 Rh7 30. h4 Ra6 31. h5 Kg8 32. Re6 Rxe6 33. dxe6 Qe8 34. e7
1-0

[Event "2016 Alberta Open"]
[Site "Calgary"]
[Date "2016.10.10"]
[Round "6.5"]
[White "Daniluk, Jim"]
[Black "Yam, Alex"]
[Result "1/2-1/2"]
[WhiteElo "1986"]
[BlackElo "2378"]
[PlyCount "46"]
[EventDate "2016.10.08"]
[EventType "swiss"]
[EventRounds "6"]
[EventCountry "CAN"]

1. d4 Nf6 2. Nf3 e6 3. c4 Bb4+ 4. Bd2 a5 5. g3 O-O 6. Bg2 d5 7. Qc2 Re8 8. O-O
Nbd7 9. Rd1 c6 10. a3 Bxd2 11. Nbxd2 b5 12. e4 bxc4 13. e5 Ng4 14. b3 cxb3 15.
Qxc6 Ra6 16. Qa4 f6 17. h3 Nh6 18. Bf1 Ra7 19. exf6 gxf6 20. Rab1 Nf5 21. Rxb3
Nd6 22. Qc6 Qe7 23. Rdb1 Rd8 1/2-1/2

[Event "2016 Alberta Open"]
[Site "Calgary"]
[Date "2016.10.10"]
[Round "6.6"]
[White "Gardner, Robert"]
[Black "Wei, Daniel"]
[Result "1-0"]
[WhiteElo "2264"]
[BlackElo "1556"]
[PlyCount "63"]
[EventDate "2016.10.08"]
[EventType "swiss"]
[EventRounds "6"]
[EventCountry "CAN"]

1. d4 d5 2. c4 c6 3. Nf3 Nf6 4. Nc3 dxc4 5. a4 Bf5 6. Ne5 e6 7. f3 h6 8. e4 Bh7
9. Bxc4 Nbd7 10. Nxd7 Qxd7 11. Be3 Bb4 12. O-O O-O 13. Ne2 Rac8 14. Qb3 a5 15.
Nf4 Rfd8 16. Nxe6 b5 17. Nxd8 bxc4 18. Qxc4 Qxd8 19. Rac1 Nd7 20. Rfd1 Kf8 21.
d5 c5 22. b3 f6 23. Bd2 Ba3 24. Rc2 Ne5 25. Qb5 Ra8 26. Ra1 Bb4 27. Bxb4 cxb4
28. Rac1 f5 29. f4 Ng4 30. e5 Bg8 31. e6 Ne3 32. Qc5+ 1-0

[Event "2016 Alberta Open"]
[Site "Calgary"]
[Date "2016.10.10"]
[Round "6.7"]
[White "Ali, Husain"]
[Black "Rogers, Dustin"]
[Result "1/2-1/2"]
[WhiteElo "1671"]
[BlackElo "1795"]
[PlyCount "98"]
[EventDate "2016.10.08"]
[EventType "swiss"]
[EventRounds "6"]
[EventCountry "CAN"]

1. d4 Nf6 2. c4 e6 3. Nf3 b6 4. g3 Ba6 5. Qc2 Bb7 6. Bg2 Bb4+ 7. Bd2 a5 8. a3
Bxd2+ 9. Nbxd2 O-O 10. O-O d5 11. e3 dxc4 12. Nxc4 Nbd7 13. Rac1 Be4 14. Qe2
Ra7 15. Nfe5 Nxe5 16. Nxe5 Bxg2 17. Kxg2 Qd5+ 18. Kg1 c5 19. Nf3 Rc7 20. Rfd1
c4 21. Ne5 Rfc8 22. Rc2 a4 23. Rdc1 b5 24. f3 Ne8 25. Ng4 Rd8 26. Rd1 h5 27.
Nf2 Rcd7 28. Ne4 Qf5 29. Nc5 Rc7 30. Rcd2 Nf6 31. e4 Qg5 32. Na6 Rcd7 33. Nc5
Rc7 34. Na6 Ra7 35. Nb4 Rad7 36. Kf2 h4 37. Qe3 hxg3+ 38. hxg3 Qxe3+ 39. Kxe3
Rc8 40. Rc1 Kf8 41. g4 g5 42. Rh2 Kg7 43. Na2 Ng8 44. Nc3 Rb8 45. Rch1 Kg6 46.
Rh8 Rdd8 47. Na2 Rb7 48. Nb4 Rc8 49. d5 c3 1/2-1/2

[Event "2016 Alberta Open"]
[Site "Calgary"]
[Date "2016.10.10"]
[Round "6.8"]
[White "Zhao, Ian"]
[Black "Booker, Brad"]
[Result "0-1"]
[WhiteElo "1698"]
[BlackElo "2221"]
[PlyCount "100"]
[EventDate "2016.10.08"]
[EventType "swiss"]
[EventRounds "6"]
[EventCountry "CAN"]

1. e4 c6 2. d3 d5 3. Nd2 g6 4. Ngf3 Bg7 5. g3 e5 6. Bg2 d4 7. O-O Ne7 8. Ne1
Be6 9. a4 Nd7 10. b3 O-O 11. f4 Qc7 12. Ndf3 h6 13. fxe5 Nxe5 14. Nxe5 Qxe5 15.
Nf3 Qc7 16. Bf4 Qd7 17. Ne5 Qc8 18. h4 f6 19. Nc4 Qd7 20. a5 g5 21. hxg5 hxg5
22. Bd2 Qc7 23. Be1 Ng6 24. Qh5 Bf7 25. Qg4 Rad8 26. Bd2 Rfe8 27. Kf2 Ne5 28.
Nxe5 Rxe5 29. Rh1 Bg6 30. Bf3 Kf7 31. Qh3 Rh8 32. Qg2 f5 33. Rxh8 Bxh8 34. Bxg5
fxe4 35. Bf4 exf3 36. Qxf3 Kg8 37. Re1 Qe7 38. Bxe5 Bxe5 39. Qe2 Qf7+ 40. Kg2
Bc7 41. Qg4 Qd5+ 42. Kg1 Qf5 43. Re8+ Kf7 44. Qe2 Bd6 45. Rh8 Kg7 46. Qh2 Qg5
47. Rh3 Qc1+ 48. Kf2 Qxc2+ 49. Kf3 Qxd3+ 50. Kf2 Qe3+ 0-1

[Event "Edmonton Fall Sectional A"]
[Site "Edmonton"]
[Date "2016.10.29"]
[Round "1"]
[White "Findlay, Ian"]
[Black "Gardner, Robert"]
[Result "1-0"]
[WhiteElo "2270"]
[BlackElo "2291"]
[PlyCount "93"]
[EventDate "2016.10.29"]
[EventType "tourn"]
[EventRounds "5"]
[EventCountry "CAN"]

1. e4 d6 2. d4 Nf6 3. Nc3 g6 4. Nf3 Bg7 5. Be2 O-O 6. O-O e6 7. Bf4 h6 8. h3
Nc6 9. Qd2 Kh7 10. Rfe1 a6 11. Bf1 b6 12. Rad1 Bb7 13. Bh2 Ne7 14. Bd3 Nd7 15.
a4 Ng8 16. Qe2 Qe7 17. Bg3 Rfc8 18. h4 Ngf6 19. e5 Nh5 20. Bh2 dxe5 21. dxe5
Bf8 22. Ne4 Ng7 23. Bb5 Nb8 24. Nf6+ Kh8 25. Bd3 Ne8 26. Be4 Bxe4 27. Qxe4 Ra7
28. h5 Bg7 29. hxg6 Nxf6 30. exf6 Qxf6 31. Ne5 fxg6 32. Nxg6+ Kg8 33. Be5 Qf7
34. Bxg7 Kxg7 35. Nf4 c6 36. Re3 Rg8 37. Rg3+ Kf6 38. Rf3 Ke7 39. Qb4+ Ke8 40.
Qxb6 Qc7 41. Qe3 e5 42. Nh5 Rg5 43. Nf6+ Ke7 44. Qc5+ Ke6 45. Ne4 Nd7 46. Qc4+
Ke7 47. Rf7+ 1-0

[Event "Edmonton Fall Sectional A"]
[Site "Edmonton"]
[Date "2016.10.29"]
[Round "1"]
[White "Tam, Erik"]
[Black "MacKinnon, Keith"]
[Result "1-0"]
[WhiteElo "2134"]
[BlackElo "2295"]
[PlyCount "87"]
[EventDate "2016.10.29"]
[EventType "tourn"]
[EventRounds "5"]
[EventCountry "CAN"]

1. e4 c5 2. Nf3 e6 3. d4 cxd4 4. Nxd4 a6 5. Nc3 Qc7 6. Bd3 Nf6 7. f4 d6 8. Qf3
Nbd7 9. g4 g6 10. g5 Nh5 11. Nde2 h6 12. h4 Bg7 13. Be3 b5 14. Bd4 b4 15. Bxg7
Nxg7 16. Nd1 Bb7 17. Ne3 h5 18. O-O-O O-O 19. Kb1 Nc5 20. Rhf1 Rfe8 21. Ng3
Rad8 22. Qf2 d5 23. exd5 exd5 24. f5 d4 25. Nc4 Bd5 26. Qf4 Qxf4 27. Rxf4 Nxd3
28. cxd3 gxf5 29. b3 Be6 30. Rd2 Rd5 31. Rdf2 Red8 32. Ne2 Kf8 33. Nb6 R5d6 34.
Nc4 Rd5 35. Nb6 R5d6 36. Nc4 Bxc4 37. bxc4 Ke7 38. Ng3 Ke6 39. Nxf5 Nxf5 40.
Rxf5 R8d7 41. Rf6+ Ke7 42. Rxf7+ Kd8 43. Rxd7+ Rxd7 44. Rf5 1-0

[Event "Edmonton Fall Sectional A"]
[Site "Edmonton"]
[Date "2016.10.29"]
[Round "1"]
[White "Villavieja, Butch"]
[Black "Malek, Omid"]
[Result "1-0"]
[WhiteElo "2201"]
[BlackElo "2180"]
[PlyCount "119"]
[EventDate "2016.10.29"]
[EventType "tourn"]
[EventRounds "5"]
[EventCountry "CAN"]

1. e4 e6 2. d4 d5 3. Nc3 Nc6 4. Nf3 Nf6 5. e5 Ne4 6. a3 Be7 7. Be3 Nxc3 8. bxc3
f6 9. Bd3 f5 10. c4 O-O 11. Qd2 b6 12. cxd5 exd5 13. O-O Na5 14. Bg5 h6 15.
Bxe7 Qxe7 16. Qb4 Qf7 17. Nd2 Be6 18. Rac1 c5 19. dxc5 Nc6 20. Qa4 Nxe5 21.
Rfe1 Nxd3 22. cxd3 bxc5 23. Rxc5 Rac8 24. Rxc8 Bxc8 25. Nf3 a6 26. d4 f4 27.
Qc6 Qd7 28. Qc5 Qb5 29. Qc7 Qd7 30. Re7 Qxc7 31. Rxc7 Bf5 32. Ne5 Rb8 33. h3
Rb1+ 34. Kh2 Rd1 35. Ra7 Bd3 36. Rf7 Be4 37. Rxf4 g5 38. Rf6 Kg7 39. Rxa6 Rxd4
40. f3 Bc2 41. Ra7+ Kg8 42. Nf7 h5 43. Nxg5 h4 44. Rc7 Rd2 45. Rc5 Bd1 46. Kg1
Bb3 47. f4 Kg7 48. Nf3 Rd1+ 49. Kf2 d4 50. Rc7+ Kf6 51. Rd7 d3 52. Nxh4 Bc2 53.
Nf3 Ra1 54. Ne5 Rxa3 55. Ke3 Ra2 56. g4 Bb1 57. Nxd3 Rh2 58. Nf2 Ke6 59. Rd2
Rg2 60. Kf3 1-0